00654nam a2200181Ia 4500008004100000020001500041041001200056082001600068100001900084245011100103260002500214300000800239650001400247700001700261942000700278999001500285952017200300221030s9999 xx 000 0 und d a8120321863 aEnglish a105.23bRaj aS. Rajasekaran 0aNeural Networks Fuzzy Logic, & Genetic Algorithms Synthesis & Applicationcby S. Rajasekaran, G. A. V. Pai bPHIaNew Delhic2006 a439 aComputers aG. A. V. Pai cBK c1832d1832 pM 782g325.00l0o105.23 Rajr2022-10-30 00:00:00w2022-10-30yBK003Print4070aMIETLIBbMIETLIBcBL-Academic Block- B, FL-2, CUP-152, SH-1, R-1d2006-08-2310HMCA